[Event "Titled Tuesday intern op 02nd Apr Early"]
[Site "Chess.com INT"]
[Date "2024.04.02"]
[Round "9"]
[White "Bluebaum, Matthias"]
[Black "Kucuksari, Kaan"]
[Result "1-0"]
[WhiteElo "2649"]
[BlackElo "2465"]
[PlyCount "123"]
[EventDate "2024.04.02"]
[EventType "swiss (blitz)"]
[EventRounds "11"]
[EventCountry "USA"]
[SourceTitle "CB15_2024"]
[SourceDate "2024.04.10"]
[SourceVersion "1"]
[SourceVersionDate "2024.04.10"]
[SourceQuality "1"]

1. d4 Nf6 2. c4 e6 3. Nc3 Bb4 4. e3 d5 5. Bd2 0-0 6. Nf3 c5 7. a3 Bxc3 8. Bxc3 Ne4 9. Rc1 Nxc3 10. Rxc3 cxd4 11. Nxd4 Nc6 12. cxd5 Qxd5 13. Nxc6 bxc6 14. Qc2 Rb8 15. b4 e5 16. Rc5 Qd6 17. Bd3 Rd8 18. Be2 Be6 19. 0-0 Bd5 20. e4 Be6 21. Bc4 Bxc4 22. Qxc4 Qd3 23. Qxd3 Rxd3 24. Ra5 Ra8 25. f3 f6 26. Rc1 Rd6 27. Ra6 h5 28. h4 Kh7 29. Rcxc6 Rd1+ 30. Kh2 Rd7 31. Kg3 Rad8 32. b5 Rb7 33. a4 Rd4 34. Rd6 Rb4 35. Rd8 Rc7 36. Rd2 Rbc4 37. Rb2 Rb7 38. Kh3 Rd4 39. Rc2 Rb4 40. Rc8 Rd7 41. Rc2 Rb7 42. g4 hxg4+ 43. Kxg4 Rd7 44. h5 Rb1 45. Kf5 Kh6 46. Ke6 Rb7 47. Rac6 Rb4 48. Ra6 Rb3 49. Rd2 Rxf3 50. Rd7 Rxd7 51. Kxd7 Re3 52. Rxa7 Rxe4 53. b6 Rb4 54. b7 e4 55. Kc6 e3 56. Ra8 f5 57. Re8 f4 58. a5 Kxh5 59. a6 Kg4 60. a7 f3 61. b8Q f2 62. Qxb4+ 1-0

[Event "Titled Tuesday intern op 02nd Apr Early"]
[Site "Chess.com INT"]
[Date "2024.04.02"]
[Round "6"]
[White "Iljin, Timofey"]
[Black "Kucuksari, Kaan"]
[Result "0-1"]
[WhiteElo "2283"]
[BlackElo "2465"]
[PlyCount "116"]
[EventDate "2024.04.02"]
[EventType "swiss (blitz)"]
[EventRounds "11"]
[EventCountry "USA"]
[SourceTitle "CB15_2024"]
[SourceDate "2024.04.10"]
[SourceVersion "1"]
[SourceVersionDate "2024.04.10"]
[SourceQuality "1"]

1. e4 c6 2. d4 d5 3. e5 c5 4. c3 Nc6 5. h3 e6 6. Nf3 Nge7 7. dxc5 Ng6 8. Bb5 Bxc5 9. 0-0 0-0 10. Qe2 Bd7 11. Bd3 f6 12. exf6 Qxf6 13. Be3 Bxe3 14. Qxe3 Nf4 15. Nbd2 e5 16. Rfe1 Rae8 17. Bf1 e4 18. Nd4 Nxd4 19. cxd4 Qg6 20. Kh1 Nd3 21. Bxd3 exd3 22. Qg3 Qxg3 23. fxg3 Rf2 24. Rxe8+ Bxe8 25. Rd1 Bg6 26. Kg1 Re2 27. a3 Be4 28. Nf3 Rxb2 29. Kf1 Ra2 30. Rc1 h6 31. h4 Rxa3 32. Ne5 Ra2 33. Rc8+ Kh7 34. h5 Bxg2+ 35. Ke1 d2+ 36. Kd1 Be4 37. Ke2 Bf5 38. Rb8 b6 39. g4 Be6 40. Re8 Bg8 41. Kd1 g5 42. Re7+ Bf7 43. Rxf7+ Kg8 44. Rd7 a5 45. Rxd5 Rb2 46. Rd6 a4 47. Nc4 Rb4 48. Nxb6 a3 49. Nd5 Rb1+ 50. Kxd2 a2 51. Rd8+ Kf7 52. Ra8 a1Q 53. Rxa1 Rxa1 54. Ke3 Rg1 55. Ke4 Rxg4+ 56. Kf5 Rxd4 57. Nf6 Rf4+ 58. Ke5 Rxf6 0-1

[Event "Titled Tuesday intern op 02nd Apr Early"]
[Site "Chess.com INT"]
[Date "2024.04.02"]
[Round "5"]
[White "Kucuksari, Kaan"]
[Black "Barria Zuniga, Daniel"]
[Result "0-1"]
[WhiteElo "2465"]
[BlackElo "2341"]
[PlyCount "86"]
[EventDate "2024.04.02"]
[EventType "swiss (blitz)"]
[EventRounds "11"]
[EventCountry "USA"]
[SourceTitle "CB15_2024"]
[SourceDate "2024.04.10"]
[SourceVersion "1"]
[SourceVersionDate "2024.04.10"]
[SourceQuality "1"]

1. d4 g6 2. c4 Bg7 3. Nf3 d6 4. g3 Nf6 5. Bg2 0-0 6. 0-0 c5 7. d5 e6 8. Nc3 exd5 9. cxd5 a6 10. a4 Re8 11. Bf4 Nh5 12. Bg5 Qc7 13. Re1 Nd7 14. h3 Rb8 15. g4 Nhf6 16. a5 h5 17. gxh5 Nxh5 18. e4 b5 19. axb6 Rxb6 20. Qc2 Ne5 21. Nd2 c4 22. Bf1 Nd3 23. Reb1 Bd7 24. Be3 Rbb8 25. Bxd3 cxd3 26. Qxd3 a5 27. Nc4 a4 28. Nxa4 Rb4 29. Nab6 Bb5 30. Rc1 Qe7 31. Qa3 Rxc4 32. Nxc4 Qxe4 33. Nxd6 Qf3 34. Nxb5 Ng3 35. Kh2 Ne2 36. Qd6 Be5+ 37. Qxe5 Rxe5 38. Ra8+ Kh7 39. Rcc8 Rh5 40. Rh8+ Kg7 41. Rag8+ Kf6 42. Rxh5 gxh5 43. d6 Nf4 0-1

[Event "Titled Tuesday intern op 02nd Apr Early"]
[Site "Chess.com INT"]
[Date "2024.04.02"]
[Round "1"]
[White "Rosenberg, Evan"]
[Black "Kucuksari, Kaan"]
[Result "1-0"]
[WhiteElo "1989"]
[BlackElo "2465"]
[PlyCount "95"]
[EventDate "2024.04.02"]
[EventType "swiss (blitz)"]
[EventRounds "11"]
[EventCountry "USA"]
[SourceTitle "CB15_2024"]
[SourceDate "2024.04.10"]
[SourceVersion "1"]
[SourceVersionDate "2024.04.10"]
[SourceQuality "1"]

1. d4 Nf6 2. c4 g6 3. Nc3 Bg7 4. e4 0-0 5. Nf3 d6 6. h3 e5 7. dxe5 dxe5 8. Qxd8 Rxd8 9. Bg5 c6 10. Nxe5 Re8 11. 0-0-0 Na6 12. Nf3 Nc5 13. e5 Nfd7 14. Be3 b6 15. h4 Nxe5 16. Nxe5 Bxe5 17. h5 Bg4 18. hxg6 Bxd1 19. gxh7+ Kg7 20. Nxd1 Rad8 21. Kc2 Ne6 22. Bd3 Bf4 23. g3 Bxe3 24. Nxe3 Nd4+ 25. Kc3 c5 26. Rh4 Nf3 27. Rg4+ Kh8 28. Nd5 Ne5 29. Rf4 Nxd3 30. Kxd3 Kg7 31. a4 Re6 32. Kc3 Rd7 33. a5 bxa5 34. Rf5 Rd8 35. Nf4 Rh6 36. Rxc5 Rxh7 37. Rxa5 Rh2 38. Rxa7 Re8 39. Nd3 Rh1 40. c5 Rd1 41. b4 Rd8 42. Nf4 Rc1+ 43. Kb2 Rf1 44. Ne6+ Kg6 45. Nxd8 Rxf2+ 46. Kb3 Rf3+ 47. Kc4 Rxg3 48. Nxf7 1-0

[Event "Titled Tuesday intern op 12th Mar Early"]
[Site "Chess.com INT"]
[Date "2024.03.12"]
[Round "1"]
[White "Kucuksari, Kaan"]
[Black "Shymanskyi, Oleksandr"]
[Result "1-0"]
[WhiteElo "2465"]
[BlackElo "2284"]
[PlyCount "54"]
[EventDate "2024.03.12"]
[EventType "swiss (blitz)"]
[EventRounds "11"]
[EventCountry "USA"]
[SourceTitle "CB12_2024"]
[SourceDate "2023.10.01"]
[SourceVersion "1"]
[SourceVersionDate "2023.10.01"]
[SourceQuality "1"]

1. d4 Nf6 2. c4 e6 3. Nc3 d5 4. cxd5 Nxd5 5. e4 Nxc3 6. bxc3 c5 7. Nf3 cxd4 8. cxd4 Bb4+ 9. Bd2 Bxd2+ 10. Qxd2 0-0 11. Bd3 b6 12. 0-0 Bb7 13. Rad1 Nc6 14. Bb1 Rc8 15. h4 h6 16. d5 exd5 17. exd5 Na5 18. Qd3 f5 19. Rfe1 Nc4 20. Qb3 Bxd5 21. Ne5 Rc5 22. Nxc4 Rxc4 23. Re5 Rd4 24. Rxd5 Qxd5 25. Qxd5+ Rxd5 26. Rxd5 g6 27. h5 Kg7 1-0

[Event "Titled Tuesday intern op 13th Feb Early"]
[Site "Chess.com INT"]
[Date "2024.02.13"]
[Round "2"]
[White "Santos Flores, Alberto Javier"]
[Black "Kucuksari, Kaan"]
[Result "0-1"]
[WhiteElo "2183"]
[BlackElo "2465"]
[PlyCount "34"]
[EventDate "2024.02.13"]
[EventType "swiss (blitz)"]
[EventRounds "11"]
[EventCountry "USA"]
[SourceTitle "CB08_2024"]
[SourceDate "2024.02.21"]
[SourceVersion "1"]
[SourceVersionDate "2024.02.21"]
[SourceQuality "1"]

1. e4 Nf6 2. e5 Nd5 3. d4 d6 4. Bc4 Nb6 5. Bb3 dxe5 6. Qf3 e6 7. dxe5 Nc6 8. Qg3 Na5 9. Nf3 Bd7 10. 0-0 Bc6 11. Nc3 Nxb3 12. axb3 Nd5 13. Rd1 Nxc3 14. Rxd8+ Rxd8 15. Bg5 Ne2+ 16. Kf1 Nxg3+ 17. hxg3 Be7 0-1

[Event "Titled Tuesday intern op 06th Feb Early"]
[Site "Chess.com INT"]
[Date "2024.02.06"]
[Round "1"]
[White "Rego, Vinicius Vilela"]
[Black "Kucuksari, Kaan"]
[Result "0-1"]
[WhiteElo "2238"]
[BlackElo "2465"]
[PlyCount "164"]
[EventDate "2024.02.06"]
[EventType "swiss (blitz)"]
[EventRounds "11"]
[EventCountry "USA"]
[SourceTitle "CB07_2024"]
[SourceDate "2024.02.14"]
[SourceVersion "1"]
[SourceVersionDate "2024.02.14"]
[SourceQuality "1"]

1. e4 e5 2. Nf3 Nc6 3. Bb5 Nf6 4. d3 Bc5 5. c3 0-0 6. 0-0 d6 7. Bg5 h6 8. Bh4 Ne7 9. d4 exd4 10. cxd4 Bb6 11. Nc3 Ng6 12. Bg3 a6 13. Bc4 Be6 14. Bxe6 fxe6 15. Qb3 Qd7 16. a4 Rab8 17. a5 Ba7 18. Rad1 Kh8 19. e5 Nh5 20. exd6 cxd6 21. Ne4 Nxg3 22. hxg3 Rbc8 23. Rfe1 Rf5 24. Nc3 Nf8 25. d5 e5 26. Ne4 Nh7 27. Rc1 Rcf8 28. Rc3 Nf6 29. Nxf6 R5xf6 30. Qc2 Qb5 31. Rc7 Qxa5 32. Rxb7 Rxf3 33. b4 Qxd5 34. Rxa7 Rxf2 35. Qe4 Qxe4 36. Rxe4 Rb2 37. Rxa6 Rff2 38. Rxd6 Rxg2+ 39. Kf1 Rxg3 40. Rxe5 Rxb4 41. Kf2 Ra3 42. Re8+ Kh7 43. Rd2 Rf4+ 44. Kg2 Ra5 45. Kg3 Rf6 46. Re7 Rg5+ 47. Kh4 Rf1 48. Rh2 Rf4+ 49. Kh3 Rh5+ 50. Kg3 Rxh2 51. Kxf4 Rg2 52. Kf3 Rg5 53. Re6 Ra5 54. Kg4 Ra4+ 55. Kg3 h5 56. Kh3 g6 57. Kg3 Kh6 58. Re3 h4+ 59. Kh3 Kh5 60. Re5+ g5 61. Re3 Rf4 62. Rb3 g4+ 63. Kg2 Rf5 64. Kh2 Kg5 65. Kg2 Re5 66. Rb2 Kf4 67. Rb4+ Re4 68. Rb2 h3+ 69. Kh2 Kf3 70. Rb3+ Re3 71. Rb1 Re2+ 72. Kg1 Kg3 73. Rb3+ Kh4 74. Rb1 g3 75. Rb4+ Kg5 76. Rb5+ Kf4 77. Rb4+ Re4 78. Rb1 Kf3 79. Rb3+ Re3 80. Rb1 Rd3 81. Kh1 Ke2 82. Re1+ Kxe1 0-1

[Event "EU-chT 24th"]
[Site "Budva"]
[Date "2023.11.19"]
[Round "8.8"]
[White "Balog, Imre1"]
[Black "Kucuksari, Kaan"]
[Result "1-0"]
[WhiteElo "2617"]
[BlackElo "2474"]
[PlyCount "107"]
[EventDate "2023.11.11"]
[EventType "team-swiss"]
[EventRounds "9"]
[EventCountry "MNE"]
[SourceTitle "CB47_2023"]
[SourceDate "2023.11.22"]
[SourceVersion "1"]
[SourceVersionDate "2023.11.22"]
[SourceQuality "1"]
[WhiteTeam "Hungary"]
[BlackTeam "Sweden"]
[WhiteTeamCountry "HUN"]
[BlackTeamCountry "SWE"]

1. d4 f5 2. Nf3 Nf6 3. g3 g6 4. Bg2 Bg7 5. b3 0-0 6. Bb2 c6 7. c4 d6 8. Qc2 a5 9. 0-0 Na6 10. Nc3 Qc7 11. e4 Nb4 12. Qe2 fxe4 13. Nxe4 Nxe4 14. Qxe4 e5 15. dxe5 Bf5 16. Qh4 dxe5 17. Ng5 h6 18. Ne4 Rad8 19. c5 Nd3 20. Bc3 g5 21. Qh5 Bxe4 22. Bxe4 Nxc5 23. Rae1 Nxe4 24. Rxe4 Rd5 25. Qe2 Qd6 26. h4 gxh4 27. Rxh4 Rf5 28. Re4 Qg6 29. Rh4 Rg5 30. Kg2 Rd3 31. Be1 Rd4 32. Rfh1 Qd6 33. Re4 Qd5 34. Rhh4 a4 35. Bc3 Rxe4 36. Qxe4 axb3 37. axb3 Rf5 38. Bd2 Rf7 39. Qxd5 cxd5 40. Bxh6 Bf6 41. Rb4 Rd7 42. g4 Kf7 43. Bd2 Bd8 44. Ra4 Ke6 45. Ra8 d4 46. Kf3 Kd5 47. g5 e4+ 48. Kg4 Bb6 49. Re8 d3 50. Rf8 Rc7 51. Rf5+ Ke6 52. Rf6+ Kd5 53. Rxb6 Rf7 54. Bc1 1-0

[Event "EU-chT 24th"]
[Site "Budva"]
[Date "2023.11.17"]
[Round "6.4"]
[White "Kucuksari, Kaan"]
[Black "Livaic, Leon"]
[Result "1/2-1/2"]
[WhiteElo "2474"]
[BlackElo "2553"]
[PlyCount "248"]
[EventDate "2023.11.11"]
[EventType "team-swiss"]
[EventRounds "9"]
[EventCountry "MNE"]
[SourceTitle "CB47_2023"]
[SourceDate "2023.11.22"]
[SourceVersion "1"]
[SourceVersionDate "2023.11.22"]
[SourceQuality "1"]
[WhiteTeam "Sweden"]
[BlackTeam "Croatia"]
[WhiteTeamCountry "SWE"]
[BlackTeamCountry "CRO"]

1. d4 Nf6 2. c4 e6 3. g3 c5 4. d5 exd5 5. cxd5 d6 6. Nc3 g6 7. Nf3 Bg7 8. Bg2 0-0 9. 0-0 Re8 10. Bf4 Na6 11. Re1 Bg4 12. h3 Bxf3 13. Bxf3 Nd7 14. Ne4 Ne5 15. Bg2 h6 16. g4 b5 17. Qc1 Kh7 18. g5 h5 19. a4 bxa4 20. Bd2 Qe7 21. Rxa4 Nc7 22. b4 c4 23. Ra5 Rec8 24. f4 Nd7 25. Qxc4 a6 26. Qd3 Nb5 27. e3 Nb6 28. Ra2 Nc4 29. Bc1 Nb6 30. Bb2 Rc4 31. Nf6+ Kh8 32. f5 Rxb4 33. fxg6 Rxb2 34. Rxb2 Bxf6 35. gxf6 Qxf6 36. Rf2 Qxg6 37. Qb3 Nd7 38. Kh1 Ne5 39. e4 Rc8 40. Rc2 Rxc2 41. Qxc2 Qg3 42. Rf1 Kg7 43. Qe2 h4 44. Qb2 Kh7 45. Qa1 Na3 46. Qe1 Qxe1 47. Rxe1 a5 48. Ra1 Nac4 49. Ra2 Kg6 50. Bf1 Ne3 51. Be2 Kg5 52. Rxa5 Kf4 53. Ra4 Nd7 54. Ra7 Ne5 55. Ra4 Nd7 56. e5+ Kxe5 57. Rxh4 Nxd5 58. Rh7 Kf6 59. Bc4 Kg6 60. Bd3+ Kf6 61. Bc4 Kg6 62. Rh4 Ne3 63. Bd3+ f5 64. Rd4 d5 65. Kg1 Nc5 66. Kf2 Ne6 67. Rb4 d4 68. Rb6 Kf6 69. Kf3 Nd5 70. Rb5 Ng5+ 71. Kg3 Ne3 72. h4 Ne4+ 73. Kf3 Nd6 74. Rc5 Nf7 75. Kf4 Ne5 76. Be2 Ng6+ 77. Kg3 f4+ 78. Kh3 Ne5 79. Rc8 d3 80. Bh5 Kf5 81. Rd8 Ke4 82. Kh2 Nf5 83. Kg1 Nxh4 84. Kf2 Nf5 85. Bd1 Ne3 86. Bh5 Nd5 87. Ra8 Kd4 88. Bf3 d2 89. Bd1 Ne3 90. Rd8+ Kc3 91. Ke2 Nxd1 92. Kxd1 Nd3 93. Rc8+ Kd4 94. Kxd2 Ne5 95. Ra8 Ke4 96. Ke2 f3+ 97. Kf2 Nd3+ 98. Kg3 f2 99. Re8+ Kd4 100. Kg2 Kc3 101. Kf1 Kd2 102. Re2+ Kc3 103. Ra2 Kd4 104. Rd2 Ke3 105. Rc2 Kf3 106. Re2 Kf4 107. Kg2 Ne5 108. Rxf2+ Ke4 109. Kg3 Nd3 110. Rf8 Ne5 111. Re8 Kf5 112. Kf2 Ke4 113. Re7 Kf4 114. Ra7 Ke4 115. Ra4+ Kd5 116. Rh4 Nc4 117. Ke2 Ne5 118. Ke3 Nc4+ 119. Kf4 Kd4 120. Rh8 Kd5 121. Rh1 Kd4 122. Rd1+ Kc5 123. Ke4 Nd6+ 124. Ke5 Nc4+ 1/2-1/2

[Event "EU-chT 24th"]
[Site "Budva"]
[Date "2023.11.11"]
[Round "1.5"]
[White "Donchenko, Alexander"]
[Black "Kucuksari, Kaan"]
[Result "1-0"]
[WhiteElo "2664"]
[BlackElo "2474"]
[PlyCount "165"]
[EventDate "2023.11.11"]
[EventType "team-swiss"]
[EventRounds "9"]
[EventCountry "MNE"]
[SourceTitle "CB47_2023"]
[SourceDate "2023.11.22"]
[SourceVersion "1"]
[SourceVersionDate "2023.11.22"]
[SourceQuality "1"]
[WhiteTeam "Germany"]
[BlackTeam "Sweden"]
[WhiteTeamCountry "GER"]
[BlackTeamCountry "SWE"]

1. d4 Nf6 2. c4 g6 3. Nc3 Bg7 4. e4 d6 5. Be2 0-0 6. Nf3 e5 7. 0-0 Nc6 8. d5 Ne7 9. b4 a5 10. bxa5 Rxa5 11. a4 Ra8 12. Nd2 h6 13. Re1 Kh8 14. Ba3 c5 15. dxc6 bxc6 16. Nf1 c5 17. Nb5 Ra6 18. Qd3 Bb7 19. Bf3 Nf5 20. Rab1 Nh4 21. Bd1 Nxe4 22. Rxe4 Nxg2 23. Kxg2 f5 24. Nc3 fxe4 25. Nxe4 Bc6 26. f3 Bxa4 27. Bxa4 Rxa4 28. Nxd6 Kh7 29. Rb3 e4 30. Nxe4 Qxd3 31. Rxd3 Rxc4 32. Bxc5 Rc2+ 33. Bf2 Rf7 34. Ne3 Ra2 35. Ng4 Ra8 36. Bg3 Ra2+ 37. Kh3 Ra5 38. Be1 Ra1 39. Bf2 Ra2 40. Kg3 Ra5 41. Be1 Ra1 42. Bd2 Rg1+ 43. Kh3 Rf5 44. Ng3 Rf7 45. Ne2 Rd1 46. Nf2 Ra1 47. Ne4 Ra2 48. Kg2 Ra8 49. Nf4 Be5 50. Nd5 Ra4 51. Be3 Ra2+ 52. Bf2 Kg7 53. Nb4 Ra8 54. Nc6 Ba1 55. Nd8 Rf5 56. Rd7+ Kg8 57. Rd6 Be5 58. Rxg6+ Kh7 59. Nc6 Kxg6 60. Ne7+ Kh7 61. Nxf5 Rf8 62. Nh4 Ra8 63. Bg3 Bb2 64. Kh3 Ra5 65. Bf4 Bg7 66. Kg4 Rd5 67. Ng3 Bf8 68. Be3 Re5 69. Ng2 Rb5 70. h4 Rb2 71. Nf4 Rb3 72. Nf5 Ra3 73. h5 Ra4 74. Bd4 Ra6 75. Nd5 Kg8 76. Nf6+ Kf7 77. Nd7 Ba3 78. Ne5+ Kg8 79. Be3 Bf8 80. Ng6 Ra4+ 81. Bf4 Bg7 82. Nge7+ Kf7 83. Nxg7 1-0

[Event "EU-Cup 38th"]
[Site "Durres"]
[Date "2023.10.05"]
[Round "5.1"]
[White "Mikhalevski, Victor"]
[Black "Kucuksari, Kaan"]
[Result "1/2-1/2"]
[WhiteElo "2527"]
[BlackElo "2493"]
[PlyCount "315"]
[EventDate "2023.10.01"]
[EventType "team-swiss"]
[EventRounds "7"]
[EventCountry "ALB"]
[SourceTitle "EXT 2024"]
[Source "ChessBase"]
[SourceDate "2023.10.10"]
[SourceVersion "1"]
[SourceVersionDate "2023.10.10"]
[SourceQuality "1"]
[WhiteTeam "Beer Sheva"]
[BlackTeam "Lunds"]
[WhiteTeamCountry "ISR"]
[BlackTeamCountry "SWE"]

1. d4 f5 2. c4 Nf6 3. Nc3 d6 4. Bg5 Nbd7 5. e3 g6 6. Bd3 Bg7 7. f3 e5 8. Nge2 0-0 9. Bc2 b6 10. Ba4 Bb7 11. d5 Qe7 12. 0-0 Rfc8 13. Rc1 Qf7 14. b4 Kh8 15. Bh4 Bh6 16. Bf2 a5 17. a3 Qe7 18. Qd2 Kg8 19. Rfd1 Qf7 20. h3 Rd8 21. Qc2 Kh8 22. Rb1 axb4 23. axb4 Qe7 24. Rf1 Rdc8 25. Ra1 c6 26. dxc6 Bxc6 27. Bxc6 Rxa1 28. Rxa1 Rxc6 29. Ra8+ Kg7 30. Qa2 Qf7 31. Nd5 Nxd5 32. cxd5 Rc7 33. Qb3 Nf6 34. Nc3 Qd7 35. Ra6 Qc8 36. Ra3 g5 37. e4 g4 38. hxg4 fxg4 39. Bxb6 Rb7 40. Ra7 Rxa7 41. Bxa7 Qa6 42. Bf2 Qd3 43. Qb2 gxf3 44. gxf3 Qxf3 45. Qc2 Bf4 46. Ba7 Ng4 47. Qg2 Be3+ 48. Bxe3 Qxe3+ 49. Kf1 h5 50. Nd1 Qb3 51. Nf2 Qb1+ 52. Ke2 Qb2+ 53. Kf1 Qc1+ 54. Ke2 Qc4+ 55. Kd1 Qd4+ 56. Ke2 Qc4+ 57. Kd1 Qd4+ 58. Ke2 Qe3+ 59. Kf1 Qf4 60. Ke2 Qe3+ 61. Kf1 Qc1+ 62. Ke2 Qc2+ 63. Ke1 Kh8 64. Qf3 Qb1+ 65. Nd1 Qxb4+ 66. Nc3 Kg7 67. Kd2 Qd4+ 68. Ke2 Qc4+ 69. Kd2 Qd4+ 70. Ke2 Qg1 71. Nb5 Qc5 72. Nc3 Qb6 73. Kd3 Qg1 74. Nb5 Qb6 75. Nc3 Qa6+ 76. Kd2 Qc4 77. Ne2 Qa2+ 78. Kd3 Qb1+ 79. Kd2 Qb2+ 80. Kd3 Qa3+ 81. Nc3 Qa7 82. Ne2 Nf2+ 83. Kd2 Qa5+ 84. Nc3 Qb6 85. Qxh5 Qb2+ 86. Ke3 Qxc3+ 87. Kxf2 Qd4+ 88. Kf1 Qxe4 89. Qg5+ Qg6 90. Qd2 Qg3 91. Qa5 Qf3+ 92. Ke1 Qe3+ 93. Kf1 Qc1+ 94. Kg2 Qc2+ 95. Kg3 Qg6+ 96. Kf3 Qf5+ 97. Ke2 Qc2+ 98. Kf3 Qb3+ 99. Kg4 Qb7 100. Qa2 Qf7 101. Qc4 Qg6+ 102. Kf3 Qf5+ 103. Ke2 Kg6 104. Qc6 Qe4+ 105. Kd1 Qd4+ 106. Ke2 Qb2+ 107. Kd3 Qa3+ 108. Kc4 Kg5 109. Qb7 Kf4 110. Qf7+ Ke3 111. Kb5 Qc5+ 112. Ka6 Ke4 113. Qg8 Kd4 114. Qg2 Qc4+ 115. Kb6 Qc5+ 116. Ka6 Qxd5 117. Qg1+ Kc3 118. Qc1+ Kb4 119. Qe1+ Kc5 120. Qa5+ Kc6 121. Qb6+ Kd7 122. Qa7+ Ke6 123. Qh7 Qc6+ 124. Ka5 Qc3+ 125. Ka4 Kd5 126. Qg8+ Kc5 127. Qc8+ Kd4 128. Qh8 d5 129. Qg7 Qa1+ 130. Kb5 Qf1+ 131. Kb6 Ke4 132. Qh7+ Qf5 133. Qh1+ Qf3 134. Qb1+ Kf4 135. Kc5 d4 136. Qc1+ Kf5 137. Kd6 d3 138. Qh6 e4 139. Kc5 Qf2+ 140. Kd5 Qa2+ 141. Kd4 Qa7+ 142. Kc4 Qf7+ 143. Kb4 Qe7+ 144. Ka4 e3 145. Qh3+ Kf4 146. Qf1+ Ke4 147. Qg2+ Ke5 148. Qh2+ Ke6 149. Qa2+ Kf6 150. Qd5 e2 151. Qf3+ Kg7 152. Qg4+ Kf8 153. Qf5+ Ke8 154. Qc8+ Kf7 155. Qf5+ Kg7 156. Qg4+ Kf8 157. Qf5+ Kg7 158. Qg4+ 1/2-1/2

[Event "EU-Cup 38th"]
[Site "Durres"]
[Date "2023.10.03"]
[Round "3.1"]
[White "Kucuksari, Kaan"]
[Black "Hove, Esben Kjems"]
[Result "1-0"]
[WhiteElo "2493"]
[BlackElo "2312"]
[PlyCount "69"]
[EventDate "2023.10.01"]
[EventType "team-swiss"]
[EventRounds "7"]
[EventCountry "ALB"]
[SourceTitle "EXT 2024"]
[Source "ChessBase"]
[SourceDate "2023.10.10"]
[SourceVersion "1"]
[SourceVersionDate "2023.10.10"]
[SourceQuality "1"]
[WhiteTeam "Lunds"]
[BlackTeam "Nordkalotten"]
[WhiteTeamCountry "SWE"]
[BlackTeamCountry "DEN"]

1. d4 d5 2. c4 c6 3. Nf3 Nf6 4. e3 Bf5 5. Nc3 e6 6. Nh4 Bg6 7. Nxg6 hxg6 8. Bd2 Nbd7 9. Qc2 Be7 10. cxd5 cxd5 11. Qb3 Qb6 12. Qxb6 Nxb6 13. Bb5+ Nbd7 14. a4 a6 15. Bd3 0-0 16. h4 Rfd8 17. f3 e5 18. g4 exd4 19. exd4 Nf8 20. Kf2 Ne6 21. Ne2 Bd6 22. h5 gxh5 23. gxh5 Kf8 24. Bf5 Ke7 25. Rae1 Rh8 26. Nc3 Bb4 27. Re5 Rac8 28. Rhe1 Bxc3 29. bxc3 Rc6 30. Bg5 Rd8 31. c4 Rxc4 32. Bxe6 fxe6 33. Rxe6+ Kf7 34. Re7+ Kf8 35. h6 1-0

[Event "SWE-ch"]
[Site "Helsingborg"]
[Date "2023.07.08"]
[Round "8"]
[White "Sivuk, Vitaly"]
[Black "Kucuksari, Kaan"]
[Result "1/2-1/2"]
[WhiteElo "2432"]
[BlackElo "2512"]
[PlyCount "84"]
[EventDate "2023.07.01"]
[EventType "tourn"]
[EventRounds "9"]
[EventCountry "SWE"]
[EventCategory "8"]
[SourceTitle "CBM 215 Extra"]
[Source "ChessBase"]
[SourceDate "2023.09.30"]
[SourceVersion "1"]
[SourceVersionDate "2023.09.30"]
[SourceQuality "1"]

1. e4 c5 2. Nf3 e6 3. d4 cxd4 4. Nxd4 a6 5. c4 Nf6 6. Nc3 Qc7 7. Be2 Bb4 8. Qd3 Nc6 9. 0-0 Nxd4 10. Qxd4 d6 11. Be3 e5 12. Qd3 Bxc3 13. Qxc3 Nxe4 14. Qa3 0-0 15. Rfd1 Bf5 16. Bd3 Bg6 17. Bxe4 Bxe4 18. Qxd6 Qxc4 19. Qxe5 Bc6 20. b3 Qg4 21. Qg3 Qxg3 22. hxg3 Rfe8 23. Rd2 f6 24. Rad1 Kf7 25. Bb6 h5 26. a4 Re6 27. Rd6 Rxd6 28. Rxd6 Re8 29. Kf1 Re4 30. Bc5 Re5 31. Bd4 Rf5 32. Be3 Ke7 33. Rd4 Re5 34. Bf4 Re6 35. Be3 g5 36. Rd2 Kf7 37. Rd8 Be4 38. b4 Bc6 39. a5 Re4 40. Rd4 Rxd4 41. Bxd4 g4 42. Bc5 f5 1/2-1/2

[Event "SWE-ch"]
[Site "Helsingborg"]
[Date "2023.07.05"]
[Round "5"]
[White "Kucuksari, Kaan"]
[Black "Ernst, Thomas"]
[Result "0-1"]
[WhiteElo "2512"]
[BlackElo "2288"]
[PlyCount "202"]
[EventDate "2023.07.01"]
[EventType "tourn"]
[EventRounds "9"]
[EventCountry "SWE"]
[EventCategory "8"]
[SourceTitle "CBM 215 Extra"]
[Source "ChessBase"]
[SourceDate "2023.09.30"]
[SourceVersion "1"]
[SourceVersionDate "2023.09.30"]
[SourceQuality "1"]

1. d4 Nf6 2. c4 g6 3. g3 Bg7 4. Bg2 0-0 5. Nc3 d6 6. Nf3 Nc6 7. 0-0 a6 8. b3 Rb8 9. d5 Na5 10. Bg5 c5 11. dxc6 bxc6 12. Qd2 Re8 13. Rad1 Qb6 14. Nd4 Bd7 15. e4 Nb7 16. h3 Nc5 17. Be3 Qc7 18. Nde2 Ne6 19. f4 c5 20. g4 Bc6 21. f5 Nf8 22. Nf4 Qb7 23. Qc2 gxf5 24. exf5 Bxg2 25. Nxg2 N6d7 26. Ne4 a5 27. g5 Be5 28. Nh4 a4 29. Qg2 axb3 30. axb3 Qxb3 31. Rde1 Qxc4 32. g6 Kh8 33. Ng5 Qxh4 34. Nxf7+ Kg8 35. Nh6+ Kh8 36. Nf7+ Kg8 37. Nh6+ Kh8 38. g7+ Bxg7 39. Nf7+ Kg8 40. f6 Qxf6 41. Rxf6 Nxf6 42. Nh6+ Kh8 43. Nf7+ Kg8 44. Nh6+ Kh8 45. Nf5 Ng6 46. Qa2 Rg8 47. Kh1 Nh5 48. Qe2 Nf6 49. Bg5 d5 50. Qe6 Ne4 51. Be3 Rbd8 52. Rg1 Rgf8 53. Nxg7 Kxg7 54. Qxe7+ Kh8 55. Rxg6 hxg6 56. Bh6 Rf1+ 57. Kg2 Rf2+ 58. Kg1 Rg8 59. Qe5+ Kh7 60. Qxd5 Rf5 61. Qb3 Rd8 62. Be3 Rd7 63. Qe6 Rd1+ 64. Kg2 Nd6 65. Qd7+ Rf7 66. Qa4 Rd5 67. Qc6 Rd3 68. Qxc5 Nf5 69. Bf2 Rd2 70. Kg1 Rb7 71. Qc1 Rbb2 72. Be1 Rdc2 73. Qf4 Rb1 74. Qe5 Rcc1 75. Kf2 Rxe1 76. Qc7+ Re7 77. Qa5 Re3 78. Qa7+ Kh6 79. Qa2 Reb3 80. Qd2+ Kh7 81. Qd7+ Ng7 82. Qd4 Rxh3 83. Kg2 Rbh1 84. Qd7 Kh6 85. Qd2+ Kh7 86. Qd7 R1h2+ 87. Kg1 Rh5 88. Qe7 Rb2 89. Qf6 Re2 90. Qa6 Rhe5 91. Qb7 Ra2 92. Qb1 Rea5 93. Qb7 Rg5+ 94. Kf1 Rc5 95. Qb1 Rd2 96. Qe1 Rcc2 97. Qh4+ Kg8 98. Qe1 Nf5 99. Qe6+ Kg7 100. Qe5+ Kh7 101. Qe1 Ng3+ 0-1

[Event "SWE-ch"]
[Site "Helsingborg"]
[Date "2023.07.03"]
[Round "3"]
[White "Kucuksari, Kaan"]
[Black "Olsson, William"]
[Result "1-0"]
[WhiteElo "2512"]
[BlackElo "2383"]
[PlyCount "53"]
[EventDate "2023.07.01"]
[EventType "tourn"]
[EventRounds "9"]
[EventCountry "SWE"]
[EventCategory "8"]
[SourceTitle "CBM 215 Extra"]
[Source "ChessBase"]
[SourceDate "2023.09.30"]
[SourceVersion "1"]
[SourceVersionDate "2023.09.30"]
[SourceQuality "1"]

1. d4 d5 2. c4 c6 3. cxd5 cxd5 4. Nc3 Nf6 5. Bf4 Nc6 6. e3 Bf5 7. Qb3 Na5 8. Qa4+ Bd7 9. Qc2 Rc8 10. Bd3 e6 11. Nf3 Be7 12. 0-0 Nc4 13. h3 0-0 14. Qe2 Qa5 15. Rfc1 b5 16. Ne5 b4 17. Nxd7 Nxd7 18. Nd1 Ndb6 19. e4 Nd6 20. e5 Nf5 21. Bxf5 exf5 22. Ne3 g6 23. Bh6 Rfe8 24. Rxc8 Rxc8 25. e6 Rc6 26. Nxf5 gxf5 27. Qe5 1-0